[Event "Qatar Masters Open 2024"]
[Site "Doha QAT"]
[Date "2024.12.07"]
[Round "5.33"]
[White "Saydaliev, Saidakbar"]
[Black "Vaz, Ethan"]
[Result "1-0"]
[WhiteTitle "IM"]
[BlackTitle "IM"]
[WhiteElo "2473"]
[BlackElo "2378"]
[WhiteFideId "14203693"]
[BlackFideId "25940783"]
[EventDate "2024.12.03"]

1. e4 e5 2. Nf3 Nc6 3. Bc4 Nf6 4. d3 h6 5. a4 d6 6. a5 a6 7. Nc3 g6 8. O-O Bg7
9. h3 O-O 10. Be3 Kh7 11. Re1 Nh5 12. d4 exd4 13. Nxd4 Nxd4 14. Bxd4 Qg5 15. Be3
Qh4 16. Bf1 Be6 17. Ra4 Be5 18. Qd2 g5 19. Ne2 Bd7 20. Rc4 Nf6 21. Ng3 g4 22.
Rxc7 gxh3 23. Rxd7 hxg2 24. Bxg2 Nxd7 25. Nf5 Qh5 26. f4 Rg8 27. fxe5 Nxe5 28.
Kf1 Nf3 29. Bxf3 Qxf3+ 30. Bf2 Qh3+ 31. Ke2 Qh5+ 32. Kd3 d5 33. Qe2 dxe4+ 34.
Qxe4 Rg4 35. Rh1 Rd8+ 36. Nd4+ Qg6 37. Qxg6+ Kxg6 38. c3 h5 39. Ke3 Rc8 40. Ne2
Rc5 41. b4 Re5+ 42. Kd3 Rf5 43. Rh2 Rd5+ 44. Nd4 Rd7 45. Ke2 f6 46. Kf3 Rd5 47.
Be3 Re5 48. Ne2 Rf5+ 49. Nf4+ Kf7 50. Rh3 Ke7 51. Rh1 Kd7 52. Rd1+ Kc6 53. Rd8
Rh4 54. Rc8+ Kd7 55. Rh8 Rg4 56. c4 Kc6 57. Rh7 Re5 58. Bb6 Reg5 59. Rf7 h4 60.
Rxf6+ Kd7 61. Rf7+ Kc8 62. Rh7 Rg3+ 63. Ke4 R3g4 64. Bd4 Rg6 65. Be5 Rg8 66. Kf5
R4g5+ 67. Kf6 Rg4 68. Nd5 R8g6+ 69. Kf7 Kd8 70. Nf6 Rxf6+ 71. Kxf6 Rxc4 72. Ke6 1-0

[Event "Qatar Masters Open 2024"]
[Site "Doha QAT"]
[Date "2024.12.07"]
[Round "5.34"]
[White "Goutham Krishna H"]
[Black "Aradhya, Garg"]
[Result "1-0"]
[WhiteTitle "IM"]
[BlackTitle "IM"]
[WhiteElo "2466"]
[BlackElo "2365"]
[WhiteFideId "25983504"]
[BlackFideId "25006746"]
[EventDate "2024.12.03"]

1. d4 d5 2. Bf4 Nf6 3. e3 c5 4. c3 Nc6 5. Nd2 Bf5 6. Ngf3 Qb6 7. Nh4 Bd7 8. Qb3
c4 9. Qc2 Nh5 10. Bg3 g6 11. e4 e6 12. Be2 Nxg3 13. hxg3 Bg7 14. Nhf3 O-O 15. g4
Qd8 16. g5 e5 17. dxe5 Nxe5 18. Nxe5 Bxe5 19. Nf3 Bg7 20. exd5 Bf5 21. Qd2 b5
22. a4 a6 23. O-O Qd6 24. axb5 axb5 25. Rxa8 Rxa8 26. Nd4 Qxd5 27. Bf3 Be4 28.
Bxe4 Qxe4 29. Nxb5 Qb7 30. Nd4 Rd8 31. Re1 Qd5 32. Qf4 Bxd4 33. cxd4 Qf5 34. Qe3
Qd5 35. Rd1 Rd6 36. Qf4 Re6 37. Ra1 Kg7 38. f3 Rd6 39. Rd1 Qe6 40. Kf2 Rd5 41.
Rd2 Qe7 42. Qe3 Kf8 43. Qxe7+ Kxe7 44. f4 Kd6 45. Ke3 Ra5 46. Ke4 Ra2 47. Rc2 c3
48. Rxc3 Rxb2 49. g3 Re2+ 50. Re3 Rd2 51. Ra3 Re2+ 52. Kf3 Re7 53. Ra5 Rb7 54.
Ke4 Re7+ 55. Re5 Ra7 56. Rd5+ Ke6 57. Rb5 f5+ 58. gxf6 Kxf6 59. Rb6+ Kf7 60. d5
Re7+ 61. Kd4 h5 62. Rb3 Re1 63. Re3 Rd1+ 64. Kc5 Rc1+ 65. Kb6 Rd1 66. Kc6 Rc1+
67. Kd7 Rf1 68. d6 h4 69. gxh4 Rxf4 70. Rh3 Rf5 71. Kc7 Rc5+ 72. Kd8 Rh5 73. d7
Ke6 74. Re3+ Kd6 75. Rd3+ Kc6 76. Ke7 Rh7+ 77. Ke6 1-0

[Event "Qatar Masters Open 2024"]
[Site "Doha QAT"]
[Date "2024.12.07"]
[Round "5.35"]
[White "Zhu, Hengyi"]
[Black "Suyarov, Mukhammadzokhid"]
[Result "1/2-1/2"]
[BlackTitle "IM"]
[WhiteElo "2361"]
[BlackElo "2466"]
[WhiteFideId "8611211"]
[BlackFideId "14210495"]
[EventDate "2024.12.03"]

1. e4 e6 2. d4 d5 3. exd5 exd5 4. Nf3 Nf6 5. Bd3 Bd6 6. O-O O-O 7. Bg5 Bg4 8.
Nbd2 Nbd7 9. c3 c5 10. dxc5 Nxc5 11. Nb3 Ne6 12. Bh4 Qb6 13. Bxf6 gxf6 14. h3
Bh5 15. Bf5 Rfe8 16. Bg4 Bg6 17. Nfd4 Be5 18. Bf3 Rad8 19. h4 Kh8 20. Re1 Be4
21. Bxe4 dxe4 22. Qh5 Nxd4 23. cxd4 Bxd4 24. Nxd4 Qxd4 25. Rad1 Qc4 26. Qh6 Qc6
27. Rxd8 Rxd8 28. Rxe4 f5 29. Qxc6 bxc6 30. Re5 Rd1+ 31. Kh2 Rd2 32. Rxf5 Kg7 1/2-1/2

[Event "Qatar Masters Open 2024"]
[Site "Doha QAT"]
[Date "2024.12.07"]
[Round "5.36"]
[White "Tyurin, Artem"]
[Black "Swayams, Mishra"]
[Result "1/2-1/2"]
[WhiteTitle "FM"]
[BlackTitle "GM"]
[WhiteElo "2356"]
[BlackElo "2456"]
[WhiteFideId "44130112"]
[BlackFideId "5028183"]
[EventDate "2024.12.03"]

1. c4 e6 2. Nc3 d5 3. d4 Bb4 4. a3 Bxc3+ 5. bxc3 Nf6 6. e3 O-O 7. cxd5 exd5 8.
Bd3 b6 9. Ne2 Ba6 10. O-O Qc8 11. Ng3 Re8 12. Bb2 Nc6 13. Qe2 Bxd3 14. Qxd3 Na5
15. Rae1 c5 16. Bc1 Ne4 17. Nh5 cxd4 18. cxd4 Qc4 19. Qd1 Re6 20. Nf4 Rc6 21.
Bb2 Nf6 22. f3 Qc2 23. Rf2 Qxd1 24. Rxd1 Nc4 25. Bc1 Rac8 26. g4 g5 27. Nd3 h6
28. Re2 Nd6 29. Bb2 a5 30. Kf2 Rc2 31. Ke1 Rxe2+ 32. Kxe2 Nc4 33. Bc1 Re8 34.
Ne5 Nxe5 35. dxe5 Rxe5 36. Bb2 Re6 37. Bxf6 Rxf6 38. Rxd5 Rc6 39. Kd2 Kg7 40.
Rb5 Rf6 41. Ke2 Kf8 42. h3 Ke7 43. f4 gxf4 44. exf4 Rxf4 45. Rxb6 Ra4 46. Rxh6
Rxa3 47. Ra6 Rxh3 48. Rxa5 Rg3 49. g5 Kf8 50. Kf2 Rb3 51. Kg2 Kg7 52. Rf5 Kg6
53. Rf6+ Kg7 54. Rf5 Ra3 55. Kh2 Rd3 56. Kg2 Re3 57. Kh2 Re7 58. Kg3 Kg6 59. Kg4
Re4+ 60. Rf4 1/2-1/2

[Event "Qatar Masters Open 2024"]
[Site "Doha QAT"]
[Date "2024.12.07"]
[Round "5.37"]
[White "Shturman, Arseniy"]
[Black "Pham Tran Gia Phuc"]
[Result "0-1"]
[WhiteTitle "FM"]
[BlackTitle "IM"]
[WhiteElo "2350"]
[BlackElo "2445"]
[WhiteFideId "34275797"]
[BlackFideId "12415669"]
[EventDate "2024.12.03"]

1. e4 c5 2. Nf3 d6 3. d4 cxd4 4. Nxd4 Nf6 5. Nc3 a6 6. h3 e6 7. g4 Nfd7 8. Bg2
Be7 9. g5 Nc6 10. h4 O-O 11. b3 Nde5 12. f4 Nxd4 13. Qxd4 Nc6 14. Qd2 d5 15.
exd5 exd5 16. O-O d4 17. Ne4 f5 18. Nf2 Bb4 19. Qd3 Bc3 20. Ba3 Re8 21. Rad1 Qc7
22. Bd5+ Kh8 23. Qf3 Be6 24. Nd3 Qf7 25. Bxc6 bxc6 26. Ne5 Qa7 27. Qf2 c5 28.
Bc1 Ba5 29. Bd2 Bc7 30. Rfe1 Bd5 31. c3 Be4 32. cxd4 cxd4 33. Bc1 Bb6 34. Nc4
Bc5 35. Ba3 Bxa3 36. Nxa3 Red8 37. Rd2 Qf7 38. Nc4 Qh5 39. Kh2 Rac8 40. Rg1 Kg8
41. Rgd1 d3 42. Ne5 Rc2 43. Rxc2 Qxd1 44. Rd2 Qc1 45. Kg3 Qc7 46. Qe3 a5 47. Kf2
h6 48. gxh6 gxh6 49. Qg3+ Kh8 50. h5 Rg8 51. Ng6+ Kh7 52. Qe3 Qc3 53. Qe1 Rg7
54. Kg3 Qf6 55. Qe3 Qa1 56. Rh2 Qd1 57. Rd2 Qxh5 0-1

[Event "Qatar Masters Open 2024"]
[Site "Doha QAT"]
[Date "2024.12.07"]
[Round "5.38"]
[White "Mohamed, Anees M"]
[Black "Sahib, Singh"]
[Result "0-1"]
[WhiteTitle "FM"]
[BlackTitle "FM"]
[WhiteElo "2344"]
[BlackElo "2438"]
[WhiteFideId "35065815"]
[BlackFideId "25618342"]
[EventDate "2024.12.03"]

1. d4 Nf6 2. Nc3 d6 3. e4 g6 4. Nf3 c6 5. a4 Bg7 6. Be2 O-O 7. O-O Nbd7 8. Re1
Qc7 9. Bf1 e5 10. g3 Re8 11. Bg2 Nf8 12. h3 Bd7 13. Be3 b6 14. Qd2 Rad8 15. d5
c5 16. Bf1 Qc8 17. Kh2 a6 18. Qd3 b5 19. axb5 axb5 20. Nxb5 Bxb5 21. Qxb5 Nxe4
22. Ra7 Nf6 23. Bc4 N8d7 24. Nd2 e4 25. Qa6 Ne5 26. Qxc8 Rxc8 27. Bg5 Nf3+ 28.
Nxf3 exf3 29. Rae7 Rxe7 30. Rxe7 h6 31. Bd2 Kf8 32. Re3 Nd7 33. Bb5 Ne5 34. Ra3
g5 35. Ra6 Rb8 36. c4 Nd3 37. Rxd6 Nxf2 38. Bc3 Bd4 39. Rxh6 Kg7 40. Ra6 Ng4+
41. Kh1 Bxc3 42. bxc3 Rh8 43. Kg1 Rxh3 44. Ra1 Rxg3+ 45. Kf1 Nh2+ 46. Kf2 Rg2+
47. Ke3 f2 48. d6 f1=Q 0-1

[Event "Qatar Masters Open 2024"]
[Site "Doha QAT"]
[Date "2024.12.07"]
[Round "5.39"]
[White "Gan-Erdene, Sugar"]
[Black "Khamdamova, Afruza"]
[Result "1/2-1/2"]
[WhiteTitle "IM"]
[BlackTitle "WIM"]
[WhiteElo "2437"]
[BlackElo "2354"]
[WhiteFideId "4902980"]
[BlackFideId "14210444"]
[EventDate "2024.12.03"]

1. e4 e5 2. Nf3 Nc6 3. Bb5 a6 4. Ba4 Nf6 5. O-O Be7 6. d3 b5 7. Bb3 d6 8. a4 Bd7
9. Bd2 O-O 10. h3 h6 11. Nc3 Na5 12. Ba2 b4 13. Nd5 Nxd5 14. Bxd5 c6 15. Ba2 Rb8
16. c3 b3 17. Bb1 c5 18. d4 Nc4 19. Bc1 exd4 20. cxd4 cxd4 21. Nxd4 Qb6 22. e5
dxe5 23. Qd3 g6 24. Qxc4 Qxd4 25. Qxa6 Kg7 26. Qe2 Bxa4 27. Rd1 Bb5 28. Qe1 Qc5
29. Be3 Qc6 30. Be4 Qf6 31. Qd2 Qh4 32. Bd5 Bb4 33. Qc1 Be2 34. Qc7 Bxd1 35.
Qxe5+ Kh7 36. Rxd1 Qh5 37. Qxh5 gxh5 38. Bxb3 Be7 39. Bc2+ Kg7 40. Rd5 Bg5 1/2-1/2

[Event "Qatar Masters Open 2024"]
[Site "Doha QAT"]
[Date "2024.12.07"]
[Round "5.40"]
[White "Adireddy, Arjun"]
[Black "Tahbaz, Arash"]
[Result "0-1"]
[WhiteTitle "FM"]
[BlackTitle "IM"]
[WhiteElo "2336"]
[BlackElo "2432"]
[WhiteFideId "25647709"]
[BlackFideId "12528846"]
[EventDate "2024.12.03"]

1. e4 c5 2. Nf3 d6 3. d4 cxd4 4. Nxd4 Nf6 5. Nc3 a6 6. h3 e6 7. g4 d5 8. Nde2
Nxe4 9. Nxe4 dxe4 10. Qxd8+ Kxd8 11. Be3 Bd7 12. O-O-O Ke8 13. Bg2 Bc6 14. Nd4
Bc5 15. Rhe1 Bxd4 16. Bxd4 f6 17. Bxe4 Kf7 18. Bxc6 Nxc6 19. Bb6 Rhe8 20. f4
Rac8 21. a3 Nb8 22. Re4 Re7 23. Ba7 Nd7 24. Rb4 Rc7 25. Be3 Nb8 26. c3 Nc6 27.
Re4 Rcd7 28. Rxd7 Rxd7 29. Kc2 b5 30. Bd2 e5 31. a4 Ke6 32. fxe5 fxe5 33. b3 Kd5
34. Kd3 Na5 35. c4+ bxc4+ 36. bxc4+ Ke6+ 37. Kc2 Nc6 38. Bc3 Rf7 39. Re3 Rf2+
40. Kb3 Rf4 41. Rd3 Nd4+ 42. Kb4 Kd6 43. Bxd4 Rxd4 44. Rf3 e4 45. Rf8 Ke5 46.
Kc5 Rd3 47. Re8+ Kf4 48. Kb6 Rd6+ 49. Kc5 Rd2 50. Kb6 Rd4 51. Kc5 Ke3 52. Rb8
Rd2 53. Rb7 g5 54. Rxh7 Kd3 55. Rd7+ Kc3 56. Rg7 Rd4 57. Rxg5 Rxc4+ 58. Kb6 Rxa4
59. Re5 Kd3 60. g5 Ra2 61. Rd5+ Kc4 62. Rd8 Rg2 63. h4 Kc3 64. Rg8 e3 65. h5 e2
66. Re8 Kd2 67. g6 e1=Q 0-1

[Event "Qatar Masters Open 2024"]
[Site "Doha QAT"]
[Date "2024.12.07"]
[Round "5.41"]
[White "Uskov, Artem"]
[Black "Jani, Kushal R"]
[Result "1-0"]
[WhiteTitle "IM"]
[WhiteElo "2430"]
[BlackElo "2326"]
[WhiteFideId "34254854"]
[BlackFideId "25679988"]
[EventDate "2024.12.03"]

1. e4 e5 2. Nf3 Nc6 3. Bb5 a6 4. Ba4 Nf6 5. O-O d6 6. Re1 Bd7 7. c3 g6 8. d4 Bg7
9. h3 O-O 10. Nbd2 exd4 11. cxd4 Nb4 12. Bxd7 Qxd7 13. Qb3 a5 14. a3 Nc6 15. d5
Nb8 16. Qxb7 Na6 17. Qb3 Nc5 18. Qc2 Rfe8 19. Rb1 Qb5 20. Re3 Bh6 21. Rc3 Bg7
22. Rc4 a4 23. Nd4 Qa6 24. Nc6 Nfd7 25. b4 axb3 26. Nxb3 Nb6 27. Rxc5 dxc5 28.
Nxc5 Qc4 29. Qxc4 Nxc4 30. Bf4 Na5 31. Nb4 Bd4 32. Nba6 Ra7 33. Nxc7 Rc8 34.
N5a6 Nc4 35. d6 Rd8 36. Rb8 Rxb8 37. Nxb8 Rb7 38. Nc6 Rb1+ 39. Kh2 Nxd6 40. Nxd4
Nxe4 41. f3 Nc3 42. Bd2 Nd1 43. Nd5 Ra1 44. Bb4 Ra2 45. Nb5 Ra1 46. Bd2 f5 47.
Kg3 Kf7 48. Bb4 g5 49. f4 h6 50. Nd4 gxf4+ 51. Kxf4 Ra2 52. Kg3 Kg6 53. Ne7+ Kf6
54. Ndxf5 h5 55. Nh4 Ne3 56. Nc6 Nf1+ 57. Kf3 Nd2+ 58. Kf4 Nc4 59. Kf3 Nxa3 60.
Bc3+ Kf7 61. Nb4 1-0

[Event "Qatar Masters Open 2024"]
[Site "Doha QAT"]
[Date "2024.12.07"]
[Round "5.42"]
[White "Moosavifar, Seyed Abolfazl"]
[Black "Akhmetov, Ayan"]
[Result "1/2-1/2"]
[WhiteTitle "FM"]
[BlackTitle "IM"]
[WhiteElo "2308"]
[BlackElo "2417"]
[WhiteFideId "42548195"]
[BlackFideId "13703706"]
[EventDate "2024.12.03"]

1. e4 c6 2. d4 d5 3. e5 Bf5 4. h4 a6 5. Bd3 Bxd3 6. Qxd3 e6 7. Nf3 c5 8. dxc5
Bxc5 9. h5 Nc6 10. O-O Qc7 11. Re1 Nh6 12. Be3 Nxe5 13. Nxe5 Qxe5 14. Nd2 Bd6
15. g3 Qxh5 16. Bxh6 Qxh6 17. Qxd5 Rd8 18. Nf3 Rd7 19. Rad1 O-O 20. Qa5 Qf6 21.
Ne5 Rdd8 22. Nc4 Qe7 23. Qh5 Qc7 24. Nxd6 Rxd6 25. Rxd6 Qxd6 26. Rd1 Qc7 27. Rd2
Rd8 28. Qe5 Qe7 29. Rd4 h6 30. c4 Rc8 31. Qe4 g6 32. b3 h5 33. Qd3 Rc7 34. Rd8+
Kh7 35. Qd4 e5 36. Qd5 Kg7 37. b4 Qf6 38. c5 Re7 39. Rb8 e4 40. Rxb7 Re6 41. Rb6
e3 42. fxe3 Qa1+ 43. Kf2 Qb2+ 44. Kf3 Qb1 45. Kg2 Qb2+ 46. Kh3 Rxe3 47. Rb7 Qf6
48. Rxf7+ Qxf7 49. Qd4+ Kh7 50. Qxe3 Qxa2 51. c6 Qc4 52. Qc5 Qf1+ 53. Kh4 Qf6+
54. Kh3 Qf1+ 55. Kh2 Qe2+ 56. Kg1 Qe1+ 57. Kg2 Qe2+ 58. Qf2 Qe4+ 59. Qf3 Qc4 60.
Qf6 Qe2+ 61. Kh3 Qg4+ 1/2-1/2

[Event "Qatar Masters Open 2024"]
[Site "Doha QAT"]
[Date "2024.12.07"]
[Round "5.43"]
[White "Begmuratov, Khumoyun"]
[Black "Daakshin, Arun"]
[Result "1/2-1/2"]
[WhiteTitle "IM"]
[BlackTitle "FM"]
[WhiteElo "2416"]
[BlackElo "2286"]
[WhiteFideId "14210207"]
[BlackFideId "366195016"]
[EventDate "2024.12.03"]

1. e4 c5 2. Nf3 d6 3. d4 cxd4 4. Nxd4 Nf6 5. Nc3 a6 6. Bd3 g6 7. f3 Qb6 8. a3
Nc6 9. Be3 e5 10. Nf5 Qd8 11. Ng3 Bg7 12. Qd2 Be6 13. O-O O-O 14. Rad1 Qc7 15.
Qf2 b5 16. Rd2 Rab8 17. h3 b4 18. axb4 Nxb4 19. f4 exf4 20. Bxf4 Nd7 21. Be2 Ne5
22. Rfd1 Rfd8 23. Bg5 Re8 24. Bf4 Red8 25. Nf1 Nbc6 26. Nd5 Bxd5 27. exd5 Ne7
28. c3 Nc4 29. Bxc4 Qxc4 30. Ne3 Qc7 31. Rf1 Nc8 32. Qe2 Rb5 33. Nc4 Nb6 34.
Nxd6 Rxd5 35. Rxd5 Nxd5 36. Bg3 Qb6+ 37. Kh1 Qe3 38. Qc4 Qxg3 39. Nxf7 Be5 40.
Nh6+ Kh8 41. Nf7+ Kg7 42. Nxe5 Qxe5 43. Qxa6 Nf6 44. Qa7+ Rd7 45. Qf2 Re7 46.
Qf3 Re8 47. Qf2 Ne4 48. Qf7+ Kh8 49. Kg1 Qc5+ 50. Kh2 Qe5+ 51. Kg1 Ng3 52. Rd1
Qe3+ 53. Kh2 Nf5 54. Rf1 Qe5+ 55. Kg1 Qc5+ 56. Kh2 Re2 57. Rd1 Qe5+ 58. Kh1 Qe7
59. Qxe7 Nxe7 60. b4 Nf5 61. Rd7 Ne3 62. b5 Rb2 63. Rd3 Nc4 64. Rd4 Na3 65. c4
Rb4 66. Kh2 Rxc4 67. Rd8+ Kg7 68. b6 Rb4 69. Rd7+ Kh6 70. b7 Rb6 71. g4 Nc4 72.
h4 Na5 73. g5+ Kh5 74. Rxh7+ Kg4 75. h5 gxh5 76. g6 1/2-1/2

[Event "Qatar Masters Open 2024"]
[Site "Doha QAT"]
[Date "2024.12.07"]
[Round "5.44"]
[White "Rakhmatullaev, Almas"]
[Black "Vivaan Vishal Shah"]
[Result "1-0"]
[WhiteTitle "IM"]
[BlackTitle "CM"]
[WhiteElo "2410"]
[BlackElo "2296"]
[WhiteFideId "14205793"]
[BlackFideId "25184237"]
[EventDate "2024.12.03"]

1. e4 c5 2. Nf3 d6 3. d4 cxd4 4. Nxd4 Nf6 5. Nc3 a6 6. f4 e5 7. Nf3 exf4 8. Bxf4
Be7 9. Qd2 O-O 10. O-O-O Be6 11. Nd4 b5 12. Nf5 b4 13. Nxe7+ Qxe7 14. Na4 Qb7
15. Bxd6 Nxe4 16. Nc5 Nxc5 17. Bxf8 Ne4 18. Qd4 f5 19. Qxb4 Qc7 20. Bd6 Qa7 21.
Bc4 Bf7 22. Bxf7+ Kxf7 23. Qc4+ Kg6 24. Qe6+ Nf6 25. Rd3 1-0

[Event "Qatar Masters Open 2024"]
[Site "Doha QAT"]
[Date "2024.12.07"]
[Round "5.45"]
[White "Manish Anto, Cristiano F"]
[Black "Ahmad, Khagan"]
[Result "1/2-1/2"]
[WhiteTitle "IM"]
[BlackTitle "IM"]
[WhiteElo "2296"]
[BlackElo "2403"]
[WhiteFideId "25095927"]
[BlackFideId "13431552"]
[EventDate "2024.12.03"]

1. e4 c5 2. Nf3 Nc6 3. d4 cxd4 4. Nxd4 Nf6 5. Nc3 e5 6. Ndb5 d6 7. Bg5 a6 8. Na3
b5 9. Nd5 Be7 10. Bxf6 Bxf6 11. c3 Rb8 12. Nc2 Bg5 13. a4 bxa4 14. Ncb4 Nxb4 15.
cxb4 O-O 16. h4 Bh6 17. Rxa4 a5 18. b5 Kh8 19. Be2 Be6 20. g3 f5 21. exf5 Rxf5
22. Bg4 Rxb5 23. Bxf5 Bxd5 24. Qd3 Bc6 25. O-O Rb8 26. Ra2 Bb5 27. Qc3 Bxf1 28.
Kxf1 Qf6 29. Be4 Rf8 30. b3 a4 31. bxa4 Qf7 32. Rc2 Qa7 33. Qd3 Qxa4 34. Qxd6 g6
35. Qxe5+ Bg7 36. Qd5 Qd4 37. Qxd4 Bxd4 38. Kg2 Kg7 39. Bd5 Bb6 40. Rb2 Rf6 41.
f4 Rd6 42. Rb5 Bc7 43. Kf3 Rb6 44. Rc5 Bd8 45. Rc8 Rd6 46. Ke4 Rd7 47. Be6 Rd6
48. Bd5 Rd7 49. Rb8 Bf6 50. Be6 Ra7 51. Kf3 Ra3+ 52. Bb3 Ra7 53. Rg8+ Kh6 54.
Kg4 Rc7 55. Be6 Rc3 56. Bd5 Rd3 57. Bf3 Ra3 58. Rb8 Bd4 59. Rb4 Bf2 60. Rb2 Be1
61. Re2 Bb4 62. Rb2 Bc5 63. Rc2 Bb4 64. Rb2 Be1 65. Re2 Bb4 66. Bd5 Bc5 67. Kh3
Rd3 68. Bc4 Rc3 69. Ba2 Ra3 70. Kg2 Bb4 71. Bc4 Rc3 72. Re4 Rc2+ 73. Kh3 Rc3 74.
Kg2 Rc2+ 75. Be2 Be1 76. Re7 Ra2 77. Re3 Bd2 78. Re6 Kg7 79. Re7+ Kf6 80. Re4
Be1 81. Re3 Bd2 82. Re8 Be1 83. Kh3 Ra3 84. Bf3 Bd2 85. Kg2 Re3 86. Rf8+ Kg7 87.
Rd8 Be1 88. Rd7+ Kh6 89. g4 Bxh4 90. g5+ Bxg5 91. fxg5+ Kxg5 92. Rxh7 Re5 93.
Ra7 Rc5 94. Kg3 Rb5 95. Ra6 Re5 96. Rc6 Rf5 97. Be4 Rf6 98. Rc5+ Kh6 99. Re5 Ra6
100. Kg4 Rf6 101. Re8 Ra6 102. Kf4 Rf6+ 103. Ke5 Rb6 104. Rh8+ Kg7 105. Rh1 Ra6
106. Bd5 Rb6 107. Ra1 Rb5 108. Ra6 Rc5 109. Rd6 Ra5 110. Rd8 Ra6 111. Rb8 Kh6
112. Rb2 Kg7 113. Rb1 Kh6 114. Be6 Kg7 115. Rb7+ Kh6 116. Kf6 Ra3 117. Rb6 Rf3+
118. Ke5 Kg7 119. Bd5 Rf5+ 120. Ke4 Rf6 121. Be6 Rf1 122. Ke5 Re1+ 123. Kf4 Ra1
124. Bc4 Rd1 125. Ke3 Re1+ 126. Kd4 Rg1 127. Bd3 Rg5 128. Be4 Rg1 129. Ke3 Rg4
130. Kf3 Rg5 131. Kf4 Rg1 132. Rb2 Rf1+ 133. Kg5 Rg1+ 134. Bg2 Kh7 135. Ra2 Kg7
136. Rc2 Kh7 137. Kf6 Ra1 138. Rc3 Ra6+ 139. Bc6 Ra5 140. Bd7 Ra6+ 141. Be6 Ra5
142. Rg3 1/2-1/2

[Event "Qatar Masters Open 2024"]
[Site "Doha QAT"]
[Date "2024.12.07"]
[Round "5.46"]
[White "Vignesh Advaith Vemula"]
[Black "Nazari, Arad"]
[Result "0-1"]
[BlackTitle "IM"]
[WhiteElo "2276"]
[BlackElo "2401"]
[WhiteFideId "25792059"]
[BlackFideId "12577324"]
[EventDate "2024.12.03"]

1. e4 e6 2. d4 d5 3. Nc3 Nf6 4. Bg5 dxe4 5. Nxe4 Be7 6. Bxf6 gxf6 7. Qd3 f5 8.
Nc3 Nc6 9. O-O-O Nb4 10. Qf3 c6 11. g4 Qa5 12. Kb1 Nd5 13. Nxd5 Qxd5 14. gxf5
Qxf5 15. Qxf5 exf5 16. d5 cxd5 17. Bb5+ Kf8 18. Rxd5 Be6 19. Rd1 Rg8 20. Ne2 Rd8
21. Rdg1 Rxg1+ 22. Rxg1 Bc5 23. Rf1 Ke7 24. f4 Rg8 25. Ng3 Rg4 26. Bd3 Kf6 27.
Be2 Rh4 28. Bf3 b6 29. Rh1 Be3 30. h3 Bxf4 31. Nf1 Bc4 32. b3 Bxf1 33. Rxf1 Rxh3
34. c4 Rh2 35. b4 Be5 36. Be4 f4 37. a3 h5 38. c5 bxc5 39. bxc5 Re2 40. Bc2 Re3
41. Ka2 Rc3 42. Bd1 h4 43. Bg4 Rxc5 44. Rf3 Kg5 45. Bh3 Rc3 46. Rxc3 Bxc3 47.
Kb3 Ba5 0-1

[Event "Qatar Masters Open 2024"]
[Site "Doha QAT"]
[Date "2024.12.07"]
[Round "5.47"]
[White "Garifullina, Leya"]
[Black "Navrotescu, Andreea"]
[Result "1-0"]
[WhiteTitle "IM"]
[BlackTitle "WGM"]
[WhiteElo "2451"]
[BlackElo "2356"]
[WhiteFideId "34127035"]
[BlackFideId "675946"]
[EventDate "2024.12.03"]

1. e4 c5 2. Nf3 d6 3. d4 cxd4 4. Nxd4 Nf6 5. Nc3 Nc6 6. Bg5 e6 7. Qd2 a6 8.
O-O-O Be7 9. f3 Nxd4 10. Qxd4 b5 11. h4 Bb7 12. Kb1 Rc8 13. g4 h6 14. Bc1 d5 15.
exd5 Nxd5 16. Ne4 Nf6 17. Qf2 Qc7 18. Nxf6+ Bxf6 19. Bd3 Qc5 20. Qg2 g6 21. g5
hxg5 22. hxg5 Rxh1 23. Rxh1 Bg7 24. Be4 Bxe4 25. fxe4 Qe5 26. Rf1 Rc7 27. Qf3 a5
28. c3 Rd7 29. Be3 Qc7 30. Rc1 Qc4 31. Bb6 a4 32. Qf4 a3 33. Qb8+ Ke7 34. e5
axb2 35. Rc2 Qd5 36. Bd4 Rb7 37. Qc8 Bxe5 38. Bxe5 Ra7 39. Bf6+ Kd6 40. Qb8+ Rc7
41. Bd8 1-0

[Event "Qatar Masters Open 2024"]
[Site "Doha QAT"]
[Date "2024.12.07"]
[Round "5.48"]
[White "Sliwicka, Alicja"]
[Black "Mammadzada, Gunay"]
[Result "0-1"]
[WhiteTitle "WGM"]
[BlackTitle "IM"]
[WhiteElo "2346"]
[BlackElo "2421"]
[WhiteFideId "1150677"]
[BlackFideId "13403729"]
[EventDate "2024.12.03"]

1. e4 e5 2. Nf3 Nc6 3. Bc4 Nf6 4. d3 Bc5 5. Bg5 h6 6. Bh4 d6 7. c3 a5 8. a4 Qe7
9. O-O g5 10. Bg3 Nd7 11. Na3 Nf8 12. d4 Ba7 13. Bb5 Ng6 14. d5 Bd7 15. dxc6
bxc6 16. Be2 g4 17. Nh4 Nxh4 18. Bxg4 Bxg4 19. Qxg4 Ng6 20. h3 Qg5 21. Qxg5 hxg5
22. Rfd1 f5 23. exf5 Ne7 24. Kf1 Nxf5 25. Ke2 O-O 26. Rf1 Rab8 27. Nc4 d5 28.
Nxe5 Rxb2+ 29. Kd3 c5 30. c4 Rb3+ 31. Kc2 Rxg3 32. Nc6 Rxg2 33. Kd3 dxc4+ 34.
Ke4 Nd6+ 35. Kd5 Bb6 36. Ra2 c3 37. Ne7+ Kf7 38. Re2 Re8 39. Rfe1 c2 0-1

[Event "Qatar Masters Open 2024"]
[Site "Doha QAT"]
[Date "2024.12.07"]
[Round "5.49"]
[White "Omonov, Asrorjon"]
[Black "Klukin, Kirill"]
[Result "1/2-1/2"]
[WhiteTitle "FM"]
[BlackTitle "IM"]
[WhiteElo "2360"]
[BlackElo "2413"]
[WhiteFideId "14212552"]
[BlackFideId "24199273"]
[EventDate "2024.12.03"]

1. d4 d5 2. c4 e6 3. Nc3 Nf6 4. Nf3 dxc4 5. e3 a6 6. a4 b6 7. Bxc4 Bb7 8. O-O
Bb4 9. Qe2 O-O 10. Rd1 Qe7 11. Bd3 c5 12. e4 cxd4 13. Nxd4 Nbd7 14. e5 Nd5 15.
Nxd5 Bxd5 16. Bxa6 Nxe5 17. Qxe5 Rxa6 18. Nf5 exf5 19. Qxe7 Bxe7 20. Rxd5 Bf6
21. g3 Rfa8 22. Be3 Bxb2 23. Rb1 Bf6 24. Rxb6 Rxb6 25. Bxb6 Rxa4 26. Rxf5 h6 27.
Be3 Bd4 28. Bxd4 Rxd4 29. Kg2 g6 30. Ra5 Kg7 1/2-1/2

[Event "Qatar Masters Open 2024"]
[Site "Doha QAT"]
[Date "2024.12.07"]
[Round "5.50"]
[White "Abdurakhmonov, Mukhammadali"]
[Black "Ankit Ray"]
[Result "1-0"]
[WhiteTitle "IM"]
[BlackTitle "FM"]
[WhiteElo "2395"]
[BlackElo "2320"]
[WhiteFideId "14207346"]
[BlackFideId "25770624"]
[EventDate "2024.12.03"]

1. d4 Nf6 2. c4 e6 3. Nc3 Bb4 4. Qc2 d5 5. cxd5 exd5 6. Nf3 c6 7. Bg5 h6 8. Bh4
g5 9. Bg3 Ne4 10. Nd2 Bf5 11. Ndxe4 Bxe4 12. Qb3 Qa5 13. a3 Bxc3+ 14. bxc3 Qb6
15. Qb4 Na6 16. Qxb6 axb6 17. f3 Bg6 18. h4 Ke7 19. e3 b5 20. Kd2 f6 21. Be2 Kd7
22. f4 gxf4 23. Bxf4 Be4 24. Rhf1 Bxg2 25. Rf2 Be4 26. Rg1 Rh7 27. Bg4+ Ke7 28.
Bh5 c5 29. Be2 b4 30. axb4 cxb4 31. c4 Nb8 32. Bxb8 Ra2+ 33. Ke1 b3 34. cxd5 b2
35. d6+ Kd7 36. Bb5+ Bc6 37. Bd3 Ra1+ 38. Kd2 Rxg1 39. Bxh7 b1=Q 40. Bxb1 Rxb1
41. Rxf6 h5 42. Rf7+ Kd8 43. Bc7+ Kc8 44. Rf8+ Kd7 45. Rd8+ Ke6 46. e4 Ba4 47.
Ra8 Bb5 48. d5+ Kf6 49. e5+ Kf5 50. e6 1-0